[Event "chess.com SpeedChess Q1KO"]
[Site "chess.com INT"]
[Date "2022.11.11"]
[Round "1.8"]
[White "Mamedov, Rau"]
[Black "Dubov, Daniil"]
[Result "1-0"]
[WhiteElo "2646"]
[BlackElo "2708"]
[PlyCount "69"]
[EventDate "2022.11.11"]

1. Nf3 Nf6 2. g3 g6 3. Bg2 Bg7 4. O-O O-O 5. d3 d6 6. e4 e5 7. Nc3 c6 8. Re1 ({RR} 8. d4 Qc7 9. dxe5 dxe5 10. h3 b5 11. a3 a5 12. Be3 Bb7 13. Re1 Re8 14. Nd2 Nbd7 15. Nb3 Bf8 16. Qf3 Re6 17. h4 b4 18. axb4 axb4 19. Rxa8 Bxa8 20. Nd1 c5 21. Nd2 c4 22. c3 Bb7 {Ivanov,A (2481)-Ivanchuk,V (2748) Dagomys 2010 ½-½ (82)}) ({RR} 8. a4 Re8 9. h3 Nbd7 10. Be3 h6 11. a5 Nf8 12. Qd2 Kh7 13. d4 Qc7 14. d5 cxd5 15. exd5 Bd7 16. Rfc1 Ng8 17. Qe2 f5 18. Nb5 Bxb5 19. Qxb5 Nf6 20. c4 a6 21. Qa4 N8d7 22. b4 f4 {Pourkashiyan,A (2270)-Zaksaite,S (2212) FIDE Online Arena INT 2024 0-1 (46)}) 8... Nbd7 9. a4 $146 ({RR} 9. Bh3 h6 10. a3 Nc5 11. Bxc8 Qxc8 12. b4 Ne6 13. Rb1 a6 14. Be3 b5 15. a4 Nh5 16. Nh4 Nf6 17. axb5 axb5 18. Qd2 Kh7 19. f4 exf4 20. Bxf4 Nxf4 21. gxf4 Qh3 22. Nxb5 cxb5 23. Qf2 Ng4 {Hiltner,H-Schwetlick,T (2035) Mecklenburg VP 1996 0-1}) 9... Re8 10. a5 Rb8 11. Be3 b6 12. axb6 axb6 13. d4 Qc7 14. d5 Bb7 15. Nd2 b5 16. dxc6 Bxc6 17. Nb3 b4 18. Nd5 Bxd5 19. exd5 Rec8 20. Ra7 Qxc2 21. Na5 Qxb2 22. Nc6 b3 23. Bh3 Ra8 24. Ne7+ Kh8 25. Nxc8 Rxc8 26. Bxd7 Rb8 27. Bc6 h5 28. Qb1 Qc3 29. Rc1 Qb4 30. Rxf7 b2 31. Rc2 Ne4 32. Rxb2 Qxb2 33. Qxe4 Qb1+ 34. Qxb1 Rxb1+ 35. Kg2 1-0

[Event "chess.com SpeedChess Q1KO"]
[Site "chess.com INT"]
[Date "2022.11.11"]
[Round "3.11"]
[White "Le Tuan Minh"]
[Black "Paravyan, D."]
[Result "1-0"]
[WhiteElo "2542"]
[BlackElo "2586"]
[PlyCount "95"]
[EventDate "2022.11.11"]

1. Nf3 Nf6 2. b3 g6 3. Bb2 Bg7 4. e3 c5 5. Be2 O-O 6. O-O Nc6 7. d4 cxd4 8. Nxd4 d5 9. Nd2 ({RR} 9. Nxc6 bxc6 10. c4 a5 11. Nc3 Ba6 12. Na4 dxc4 13. bxc4 Qc7 14. Qc2 Rab8 15. Bc3 Bc8 16. h3 Bf5 17. Bd3 Bxd3 18. Qxd3 Rfd8 19. Qc2 Nd7 20. Rfd1 Bxc3 21. Qxc3 Rb4 22. Nb2 Nc5 23. Rxd8+ Qxd8 {Nihal,S (2620)-Gelfand,B (2675) Biel 2021 0-1 (45)}) 9... Nxd4 10. Bxd4 Qd6 ({RR} 10... Bf5 11. c4 dxc4 12. Nxc4 b5 13. Ne5 a6 14. Bf3 Be4 15. Bxe4 Nxe4 16. Nc6 Qe8 17. Bxg7 Kxg7 18. Qd4+ Nf6 19. Rac1 Kg8 20. Qe5 Kg7 21. Nxe7 Ra7 22. Nc6 Qxe5 23. Nxe5 Re7 24. Nf3 Rd8 25. Rc6 {Kukk,S (2235)-Offermann,F (2014) Vrnjacka Banja SRB 2024 1-0 (45)}) 11. Nf3 $146 ({RR} 11. c4 e5 12. Bb2 d4 13. exd4 exd4 14. Nf3 Ng4 15. h3 Ne5 16. Nxd4 Rd8 17. Qc2 Nc6 18. Nxc6 Bf5 19. Qc1 bxc6 20. Bxg7 Kxg7 21. Bf3 Qf6 22. Re1 Bxh3 23. Bxc6 Qxc6 24. Qc3+ Qf6 25. Qxh3 Rd2 {Le Tuan Minh (2542)-Paravyan,D (2586) chess.com INT 2022 0-1 (57)}) 11... Bf5 12. c4 dxc4 13. Bxc4 a6 14. Be5 Qb6 15. Qd4 Qxd4 16. Nxd4 Ng4 17. Bxg7 Kxg7 18. Rfd1 Nf6 19. f3 b5 20. Be2 Rfc8 21. a4 bxa4 22. Rxa4 Bd7 23. Rxa6 Rxa6 24. Bxa6 Rc3 25. Rd3 Rc1+ 26. Kf2 e5 27. Ne2 Ra1 28. Bc4 e4 29. Rd2 exf3 30. gxf3 Rh1 31. Kg2 Re1 32. e4 Be6 33. Bxe6 fxe6 34. Rb2 Nd7 35. Nf4 Kf6 36. b4 Nb6 37. Nd3 Rd1 38. Nc5 Nc4 39. Ra2 Rb1 40. Ra6 Rxb4 41. Rxe6+ Kf7 42. Ra6 Ne5 43. Ra3 Rc4 44. Nb7 Rc2+ 45. Kg3 g5 46. Nd6+ Ke6 47. Nf5 Ng6 48. Nd4+ 1-0

[Event "chess.com SpeedChess Q2Sw"]
[Site "chess.com INT"]
[Date "2022.11.12"]
[Round "3"]
[White "Fedoseev, Vl3"]
[Black "Donchenko, Alexa"]
[Result "1-0"]
[WhiteElo "2688"]
[BlackElo "2645"]
[PlyCount "81"]
[EventDate "2022.11.12"]

1. Nf3 Nf6 2. g3 b6 3. Bg2 Bb7 4. c4 g6 5. Nc3 Bg7 6. d4 O-O 7. O-O Ne4 8. Nd5 ({RR} 8. Qd3 Nxc3 9. Qxc3 c5 10. Be3 d6 11. Qd2 e5 12. d5 Nd7 13. Ng5 Nf6 14. Ne4 Nxe4 15. Bxe4 f5 16. Bg2 Qf6 17. Bg5 Qf7 18. Bh6 Bxh6 19. Qxh6 f4 20. Bh3 Bc8 21. a4 Bxh3 22. Qxh3 Rae8 {Fridman,D (2648)-Giri,A (2790) Netherlands 2015 ½-½ (37)}) 8... e6 9. Nf4 Na6 ({RR} 9... Nf6 10. Nd3 d6 11. a4 a5 12. Qc2 c5 13. e3 Be4 14. dxc5 Nc6 15. Qe2 bxc5 16. Nd2 Bxg2 17. Kxg2 Qe7 18. Nb1 d5 19. Na3 Rab8 20. Rd1 Rfd8 21. Rb1 Nb4 22. Bd2 Ne4 23. Be1 Rbc8 24. f3 {Ortega,L (2343)-Iermito,S (2499) Darfo Boario Terme ITA 2025 0-1 (32)}) 10. a3 $146 ({RR} 10. h4 d5 11. cxd5 exd5 12. b3 Re8 13. Bb2 c5 14. Rc1 Rc8 15. e3 Rc7 16. a3 b5 17. Nd2 cxd4 18. Bxd4 Bxd4 19. exd4 b4 20. Ra1 Nc3 21. Qf3 Nb5 22. axb4 Nxb4 23. Ra4 Nxd4 24. Qd1 Ndc6 {Vereggen,L (2368)-Heemskerk,W (2201) Amsterdam 2016 1-0 (44)}) 10... Qe7 11. Qc2 c5 12. d5 exd5 13. Nxd5 Bxd5 14. cxd5 Nc7 15. Rd1 d6 16. Bf4 Rfe8 17. Rac1 Rac8 18. h4 b5 19. Ng5 Nxg5 20. hxg5 Be5 21. e4 a5 22. Qd2 b4 23. Bxe5 Qxe5 24. f4 Qe7 25. e5 Nb5 26. Re1 Nd4 27. Rc4 Qc7 28. e6 Qa7 29. Kh2 Kg7 30. axb4 axb4 31. Qd3 Rc7 32. Rxd4 cxd4 33. f5 f6 34. gxf6+ Kxf6 35. Qe4 gxf5 36. Rf1 Kg7 37. Rxf5 Kh8 38. Qf4 Qb8 39. Rf7 Rxf7 40. exf7 d3 41. Qf6# 1-0

[Event "chess.com SpeedChess Q2Sw"]
[Site "chess.com INT"]
[Date "2022.11.12"]
[Round "3"]
[White "Nenezic, M."]
[Black "Sjugirov, S."]
[Result "1-0"]
[WhiteElo "2510"]
[BlackElo "2712"]
[PlyCount "73"]
[EventDate "2022.11.12"]

1. Nf3 d5 2. g3 Bg4 3. Bg2 c6 4. O-O e6 5. d3 Nd7 6. b3 Ngf6 7. Bb2 Bc5 8. Nbd2 O-O 9. h3 Bh5 10. e4 ({RR} 10. a3 Bb6 11. c4 Re8 12. b4 e5 13. c5 Bc7 14. e4 d4 15. Qc2 Nf8 16. Nc4 Bg6 17. Nh4 b5 18. cxb6 axb6 19. f4 exf4 20. gxf4 Bh5 21. Nf5 Ne6 22. Qd2 Qb8 23. e5 Nd5 24. Ncd6 Bxd6 {Gumularz,S (2591)-Carcamo,M (2084) chess.com INT 2025 1-0 (35)}) 10... a5 11. a3 Qc7 $146 ({RR} 11... Qb6 12. Qe1 Rfd8 13. Rb1 Bxf3 14. Nxf3 Qc7 15. e5 Ne8 16. Kh1 b5 17. Nh2 b4 18. a4 Qb6 19. f4 Bd4 20. Bxd4 Qxd4 21. Nf3 Qc5 22. Rc1 Qe7 {½-½ (22) Fogarasi,T (2426)-Jakab,A (2417) Hungary 2008}) ({RR} 11... b5 12. Qe2 Rc8 13. Rfd1 Qb6 14. Rab1 b4 15. a4 Ne8 16. g4 Bg6 17. Nf1 Nc7 18. Ng3 f6 19. h4 f5 20. gxf5 exf5 21. h5 fxe4 22. dxe4 Bxe4 23. Nxe4 Rce8 24. Nd4 dxe4 25. h6 g6 26. Bxe4 {Benkovic,P (2474)-Avrukh,B (2557) Biel 2003 0-1 (40)}) 12. Kh1 dxe4 13. dxe4 e5 14. Qe1 Rfe8 15. Nh4 Bg6 16. Nxg6 hxg6 17. Nf3 Bf8 18. Qe2 Nc5 19. Nd2 Ne6 20. c3 b5 21. b4 Nd7 22. Nb3 axb4 23. axb4 Nb6 24. Na5 Na4 25. Rad1 c5 26. Rd5 cxb4 27. cxb4 Bxb4 28. Qxb5 Qxa5 29. Bxe5 Qxb5 30. Rxb5 Bc3 31. Bd6 Bd4 32. e5 Rac8 33. Ra5 Nac5 34. f4 Nd3 35. Ra2 Bc5 36. Rd2 Nb4 37. Rb1 1-0

[Event "chess.com SpeedChess Q2Sw"]
[Site "chess.com INT"]
[Date "2022.11.12"]
[Round "3"]
[White "Artemiev, V."]
[Black "Eljanov, P."]
[Result "1-0"]
[WhiteElo "2701"]
[BlackElo "2706"]
[PlyCount "97"]
[EventDate "2022.11.12"]

1. Nf3 d5 2. g3 Bg4 3. Bg2 c6 4. O-O Nf6 5. d4 e6 6. Nbd2 Be7 7. Re1 O-O 8. e4 h6 ({RR} 8... a5 9. c3 a4 10. a3 Bh5 11. e5 Nfd7 12. h3 b5 13. Nf1 c5 14. dxc5 Nxc5 15. g4 Bg6 16. Nd4 Qb6 17. Be3 Nc6 18. f4 Be4 19. Bxe4 dxe4 20. Qc2 Na5 21. Re2 Nc4 22. Bf2 Nd3 23. Rxe4 {Mamedyarov,S (2726)-Morozevich,A (2770) Astana 2012 ½-½ (41)}) 9. c3 Nbd7 ({RR} 9... Bh5 10. Qb3 Qc7 11. Ne5 Nbd7 12. Nxd7 Qxd7 13. exd5 exd5 14. Nf3 Bxf3 15. Bxf3 Bd6 16. Qc2 Rfe8 17. Bd2 Bc7 18. Kg2 h5 19. h4 g6 20. Bg5 Nh7 21. Bd2 Nf6 22. Bg5 Nh7 23. Bd2 Nf6 {½-½ (23) Valdes,L (2369)-Wang,J (2504) Medellin COL 2024}) 10. Qb3 $146 ({RR} 10. e5 Nh7 11. h3 Bh5 12. Nf1 c5 13. g4 Bg6 14. Ng3 Rc8 15. Bf1 a6 16. dxc5 Nxc5 17. Be3 b5 18. Qd2 Ne4 19. Nxe4 dxe4 20. Qxd8 Rfxd8 21. Nd4 Rd5 22. a4 Ng5 23. axb5 axb5 24. Bxg5 Bxg5 {Shyam,S (2457)-Soumya,S (2318) Aurangabad 2011 1-0 (41)}) 10... Qb6 11. h3 Bh5 12. exd5 cxd5 13. Nh4 g5 14. Nhf3 Qxb3 15. axb3 a5 16. Bf1 Nb6 17. Ne5 Nfd7 18. Ndf3 Nxe5 19. Nxe5 f6 20. Ng4 Bxg4 21. hxg4 Kf7 22. Bb5 Nc8 23. Bd2 Rd8 24. Kg2 Nd6 25. Bd3 b5 26. Re2 Bf8 27. Bc2 Rdc8 28. Rae1 Re8 29. f4 a4 30. bxa4 bxa4 31. Ra1 Reb8 32. Bc1 a3 33. Rxa3 Rxa3 34. bxa3 Nb5 35. f5 exf5 36. Bxf5 Nxc3 37. Be6+ Kg6 38. Rc2 Rb3 39. Bd2 Nb5 40. Bxd5 Rxa3 41. Rc8 Be7 42. Be4+ Kg7 43. Bd5 Nxd4 44. Rc7 Kf8 45. Rxe7 Rxg3+ 46. Kxg3 Kxe7 47. Bb4+ Ke8 48. Bc5 Nb5 49. Bc6+ 1-0

[Event "chess.com SpeedChess Q2Sw"]
[Site "chess.com INT"]
[Date "2022.11.12"]
[Round "4"]
[White "Svane, R."]
[Black "Fridman, D."]
[Result "1-0"]
[WhiteElo "2619"]
[BlackElo "2602"]
[PlyCount "77"]
[EventDate "2022.11.12"]

1. Nf3 d5 2. g3 Nf6 3. Bg2 e6 4. O-O c5 5. d4 Nc6 6. b3 cxd4 7. Nxd4 Bc5 8. Bb2 O-O 9. e3 Qe7 10. Nd2 e5 11. Nxc6 bxc6 12. c4 Bg4 13. Qc2 Rac8 14. Rac1 $146 ({RR} 14. a3 h5 {½-½ (14) Moser,G (2359)-Bawart,M (2355) Austria 2004}) 14... e4 15. h3 Be2 16. Rfe1 Bd3 17. Qd1 Rfd8 18. cxd5 cxd5 19. Bf1 Bb4 20. Rxc8 Rxc8 21. Bxf6 Qxf6 22. Bxd3 exd3 23. Qg4 Qc3 24. Rd1 g6 25. Nf3 h5 26. Qd7 Rc5 27. Qe8+ Kg7 28. Ne5 Rc7 29. Rxd3 Qe1+ 30. Kg2 Re7 31. Qb8 a5 32. Rxd5 Qe2 33. Rd8 Be1 34. Nd3 Rxe3 35. Rg8+ Kh7 36. Rh8+ Kg7 37. Qf8+ Kf6 38. Qd6+ Kf5 39. Qf4+ 1-0

[Event "chess.com SpeedChess Q2Sw"]
[Site "chess.com INT"]
[Date "2022.11.12"]
[Round "7"]
[White "Fedoseev, Vl3"]
[Black "Rasulov, Vu"]
[Result "1-0"]
[WhiteElo "2688"]
[BlackElo "2525"]
[PlyCount "91"]
[EventDate "2022.11.12"]

1. Nf3 Nf6 2. g3 g6 3. Bg2 Bg7 4. O-O O-O 5. c4 d5 6. cxd5 Nxd5 7. Qc2 ({RR} 7. e4 Nb6 8. Re1 Bg4 9. h3 Bxf3 10. Qxf3 Nc6 11. Qa3 Nc4 12. Qb3 N6a5 13. Qc2 Ne5 14. d4 Nec6 15. d5 Nd4 16. Qa4 b6 17. Be3 e5 18. dxe6 Nxe6 19. Nc3 c6 20. Rad1 Qc7 21. Rc1 Rad8 {Stevik,P (2244)-Broca Jimenez,F (2075) chess.com INT 2024 1-0 (59)}) 7... Nc6 8. a3 e5 ({RR} 8... a5 9. Rd1 e5 10. Nc3 Be6 11. d3 Rc8 12. Bg5 f6 13. Bd2 Nd4 14. Nxd4 exd4 15. Nxd5 Bxd5 16. Bh3 Ra8 17. Rac1 c6 18. Qc5 f5 19. Bg2 Bxg2 20. Kxg2 Re8 21. Re1 Qd7 22. Bxa5 Re5 23. Qc4+ {Bareev,E (2724)-Smirin,I (2685) Moscow 2002 0-1 (52)}) 9. d3 Re8 $146 ({RR} 9... Bg4 10. e3 Qd7 11. Nc3 Nxc3 12. bxc3 Bf5 13. e4 Bg4 14. Ne1 Rad8 15. Be3 b6 16. f3 Be6 17. f4 f5 18. Rd1 Na5 19. Rb1 Qd6 20. Qa4 Bd7 21. Qb4 c5 22. Qb2 Bc8 {½-½ (22) Ratnesan,R (1648)-Shchepinova,P (1496) Hull 2018}) 10. e4 Nb6 11. Be3 a5 12. Nbd2 h6 13. Rac1 a4 14. Rfd1 Be6 15. Qc3 Kh7 16. h3 f5 17. Kh2 f4 18. Bc5 fxg3+ 19. fxg3 Nd7 20. Be3 Rf8 21. Rf1 Rf7 22. Rf2 Qe7 23. Rcf1 Raf8 24. Qc2 Nd4 25. Qxc7 Qc5 26. Qxb7 Rb8 27. Qa6 Rxb2 28. Bxd4 exd4 29. Qxe6 Re7 30. Qa6 Qc3 31. Nb1 Qb3 32. Rxb2 Qxb2 33. Qxa4 Nc5 34. Qc4 Rc7 35. a4 Qe2 36. Nbd2 Rc8 37. a5 h5 38. a6 Bh6 39. a7 Bxd2 40. Nxd2 Qxd2 41. Rf7+ Kh6 42. Qxc5 Rxc5 43. a8=Q Rc2 44. Qf8+ Kg5 45. h4+ Kg4 46. Rf4+ 1-0

[Event "chess.com SpeedChess Q2Sw"]
[Site "chess.com INT"]
[Date "2022.11.12"]
[Round "7"]
[White "Demidov, M."]
[Black "Nenezic, M."]
[Result "1-0"]
[WhiteElo "2568"]
[BlackElo "2510"]
[PlyCount "65"]
[EventDate "2022.11.12"]

1. Nf3 Nf6 2. g3 g6 3. b3 Bg7 4. Bb2 O-O 5. Bg2 d5 6. c4 c6 7. O-O a5 8. Nc3 Re8 9. Rc1 d4 10. Na4 e5 11. e3 Bg4 12. h3 Bxf3 13. Qxf3 $146 ({RR} 13. Bxf3 e4 14. Bg2 d3 15. Nc5 Nbd7 16. Nxd7 Nxd7 17. Bxg7 Kxg7 18. f3 f5 19. fxe4 fxe4 20. c5 Qe7 21. a3 Nxc5 22. b4 axb4 23. axb4 Nd7 24. Qb3 Nf6 25. b5 c5 26. b6 Qe5 27. g4 h5 {Demidov,M (2549)-Yezhel,V (2266) chess.com INT 2024 1-0 (43)}) 13... Na6 14. exd4 exd4 15. Rfe1 Nd7 16. Ba3 Bf8 17. Bxf8 Kxf8 18. Qf4 Qf6 19. Nb6 Nac5 20. Nxa8 Rxa8 21. Qxf6 Nxf6 22. Bf1 Nfd7 23. Rb1 Ra6 24. a3 a4 25. b4 Nb3 26. c5 Ra8 27. Red1 b6 28. cxb6 Nxb6 29. Bd3 Re8 30. Bc2 Nc4 31. Bxb3 axb3 32. Rxb3 Re2 33. a4 1-0

[Event "chess.com SpeedChess Q2Sw"]
[Site "chess.com INT"]
[Date "2022.11.12"]
[Round "8"]
[White "Harikrishna, P."]
[Black "Donchenko, Alexa"]
[Result "1-0"]
[WhiteElo "2715"]
[BlackElo "2645"]
[PlyCount "53"]
[EventDate "2022.11.12"]

1. Nf3 Nf6 2. g3 b5 3. e3 a6 4. Bg2 Bb7 5. b3 e6 6. Bb2 Be7 7. O-O O-O 8. c4 c5 9. Qe2 Qb6 $146 ({RR} 9... bxc4 10. bxc4 d6 11. d3 Nbd7 12. Nc3 Rb8 13. Rab1 Qa5 14. Ba1 h6 15. Rb3 Bxf3 16. Bxf3 Rxb3 17. axb3 Rb8 18. Rb1 Ne5 19. Bg2 Qa3 20. Qc2 Bf8 21. d4 Ned7 22. Qa2 Qxa2 23. Nxa2 Be7 24. Kf1 {Margl,R (2096)-Orosz,A (2386) Gyor 2016 1-0 (64)}) 10. Nc3 d5 11. d4 cxd4 12. Nxd4 dxc4 13. bxc4 Bxg2 14. Kxg2 bxc4 15. Rab1 Rc8 16. Ba3 Qd8 17. Qf3 Ra7 18. Rxb8 Rxb8 19. Nc6 Qe8 20. Bxe7 Rxe7 21. Nxb8 Qxb8 22. Rb1 Qc8 23. Rb6 Rc7 24. Qf4 Nd5 25. Nxd5 exd5 26. Rxa6 c3 27. Qxc7 1-0

[Event "chess.com SpeedChess Q2Sw"]
[Site "chess.com INT"]
[Date "2022.11.12"]
[Round "8"]
[White "Artemiev, V."]
[Black "Alekseenko, K."]
[Result "1-0"]
[WhiteElo "2701"]
[BlackElo "2687"]
[PlyCount "101"]
[EventDate "2022.11.12"]

1. Nf3 d5 2. e3 Nf6 3. c4 e6 4. Nc3 Bd6 5. b3 O-O 6. Bb2 b6 7. cxd5 exd5 8. Nb5 Be7 9. Be5 Ne8 10. Rc1 c5 11. Bxb8 Rxb8 12. Nxa7 Bd7 ({RR} 12... Bb7 13. Nb5 d4 14. Bc4 Nd6 15. O-O Nxc4 16. bxc4 d3 17. Rc3 Bf6 18. Rb3 Qd7 19. Ne1 Qe6 20. Qc1 Rfd8 21. Rxd3 h5 22. Rxd8+ Rxd8 23. d3 Bc6 24. a4 Qd7 25. e4 Ra8 26. Nc3 Bxa4 27. Nd5 {Artemiev,V (2700)-Ding,L (2799) chess24.com INT 2022 1-0 (38)}) 13. Nb5 Ra8 $146 ({RR} 13... Nd6 14. Nxd6 Bxd6 15. Be2 b5 16. O-O Qa5 17. Rc2 c4 18. Nd4 Be5 19. Bg4 f5 20. Bf3 b4 21. bxc4 Bxd4 22. Bxd5+ Kh8 23. exd4 Ba4 24. Qc1 Bxc2 25. Qxc2 Rbd8 26. h3 f4 27. Re1 Qa7 28. Re4 {Santos Latasa,J (2628)-Subelj,J (2526) Skopje MKD 2024 1-0 (42)}) 14. a4 Nd6 15. Nxd6 Bxd6 16. Be2 Qf6 17. O-O d4 18. exd4 cxd4 19. Rc4 Bc5 20. Qb1 Be6 21. Rcc1 Bd5 22. Rfe1 g6 23. Qd3 Rfe8 24. Bf1 Kg7 25. Rxe8 Rxe8 26. b4 Bxb4 27. Qxd4 Qxd4 28. Nxd4 Bxd2 29. Rd1 Ba5 30. Nf5+ gxf5 31. Rxd5 Kf6 32. g3 Re5 33. Rd7 Re7 34. Rd8 Bb4 35. Kg2 Rc7 36. Rd5 Re7 37. Bd3 Re5 38. Rd7 Bc5 39. f4 Re1 40. Rd5 Rd1 41. Rxf5+ Kg7 42. Rg5+ Kh8 43. Bc4 Rd7 44. a5 Ra7 45. a6 h6 46. Rf5 Kg7 47. Rxf7+ Rxf7 48. Bxf7 b5 49. Bb3 b4 50. Kf3 Kf6 51. Ke4 1-0

[Event "chess.com SpeedChess Q2Sw"]
[Site "chess.com INT"]
[Date "2022.11.12"]
[Round "9"]
[White "Svane, R."]
[Black "Tabatabaei, M."]
[Result "1-0"]
[WhiteElo "2619"]
[BlackElo "2655"]
[PlyCount "75"]
[EventDate "2022.11.12"]

1. Nf3 d5 2. g3 Nc6 3. d4 Bf5 4. Bg2 Nb4 5. Na3 e6 6. O-O Be7 7. c3 Nc6 8. Qb3 Rb8 9. Re1 Nf6 10. Bg5 h6 11. Bxf6 Bxf6 12. Nd2 O-O $146 ({RR} 12... Bg5 13. f4 Be7 14. e4 dxe4 15. Nxe4 O-O 16. Nc4 b5 17. Ne3 Bxe4 18. Bxe4 Na5 19. Qc2 c5 20. d5 exd5 21. Nxd5 Bd6 22. Rad1 Re8 23. Qg2 Qc8 24. Qf3 Nc4 25. b3 Nb6 26. Nf6+ gxf6 27. Rxd6 {Svane,R (2651)-Donchenko,A (2599) Chess.com INT 2022 1-0 (57)}) 13. e4 dxe4 14. Nxe4 Be7 15. Nc4 b5 16. Ne3 Na5 17. Qc2 Bg6 18. b4 Nb7 19. Qe2 a5 20. a3 c6 21. Ng4 f6 22. Nd2 Bf7 23. Bxc6 Nd6 24. Bg2 Qc7 25. Rac1 axb4 26. axb4 h5 27. Ne3 Rbd8 28. Nb3 h4 29. Nc5 hxg3 30. hxg3 Rfe8 31. d5 e5 32. Ne6 Bxe6 33. dxe6 Nc4 34. Qh5 Nxe3 35. Rxe3 f5 36. Be4 Bf6 37. Bxf5 Rd2 38. Qxe8# 1-0

[Event "chess.com SpeedChess Q2Sw"]
[Site "chess.com INT"]
[Date "2022.11.12"]
[Round "9"]
[White "Dubov, Daniil"]
[Black "Xiong, Jeffery"]
[Result "1-0"]
[WhiteElo "2708"]
[BlackElo "2692"]
[PlyCount "179"]
[EventDate "2022.11.12"]

1. Nf3 c5 2. c4 Nf6 3. g3 d5 4. cxd5 Nxd5 5. Bg2 Nc6 6. d4 cxd4 7. O-O ({RR} 7. Nxd4 Ndb4 8. a3 Qxd4 9. axb4 Qxd1+ 10. Kxd1 e5 11. b5 Nd4 12. Be3 Bc5 13. Nd2 O-O 14. Ne4 Bb6 15. Bxd4 Rd8 16. Kc2 exd4 17. Kd2 Be6 18. Rhc1 Rd5 19. b4 Rxb5 20. Nc5 Rxb4 21. Nxe6 fxe6 {Kramnik,V (2753)-Caruana,F (2766) chess.com INT 2023 ½-½ (49)}) ({RR} 7. Nxd4 Ndb4 8. Nxc6 Qxd1+ 9. Kxd1 bxc6 10. Bd2 Nd5 11. Nc3 e6 12. Rc1 Be7 13. Na4 O-O 14. f4 Rb8 15. Ke1 Bb4 16. Bxb4 Rxb4 17. b3 Ne7 18. Nc5 Rd8 19. Kf2 Rbd4 20. Rc2 e5 21. fxe5 Bf5 {Pham Bich Ngoc (2206)-Li,Y (2262) Toronto CAN 2024 ½-½ (68)}) 7... e5 8. Nxe5 Nxe5 $146 ({RR} 8... Bc5 9. Nxc6 bxc6 10. Qc2 Qe7 11. Bxd5 cxd5 12. b4 Bb6 13. Qc6+ Qd7 14. Qxa8 O-O 15. a4 Bb7 16. Qxf8+ Kxf8 17. Nd2 Qe7 18. a5 Bc7 19. b5 Bd6 20. Nf3 Qxe2 21. Nxd4 Qc4 22. Be3 Be5 23. Rac1 {Dubov,D (2716)-Bazilius,A (2052) chess.com INT 2023 1-0 (62)}) 9. Qxd4 Nc6 10. Qxd5 Be6 11. Qb5 Qb6 12. Nc3 Bb4 13. Qxb6 axb6 14. Nd5 Bd6 15. Rd1 Be5 16. Bf4 Bxf4 17. Nxf4 Ke7 18. Nxe6 fxe6 19. a3 Rad8 20. Rac1 Rxd1+ 21. Rxd1 Na5 22. Rc1 Kd6 23. Be4 h6 24. Kg2 Nb3 25. Rd1+ Kc7 26. Bc2 Na5 27. Rd3 Nc6 28. Rf3 Ne5 29. Rc3+ Kd6 30. Be4 Nc6 31. Kf3 Ra8 32. Ke3 Ra5 33. f4 Kd7 34. h4 Kd6 35. Rd3+ Ke7 36. Rc3 Kd6 37. g4 Ra8 38. Rd3+ Ke7 39. Rb3 Na5 40. Rc3 Kd6 41. b4 Nc6 42. Rd3+ Ke7 43. Rc3 Kd6 44. Bf3 Kd7 45. Ke4 Kd6 46. Rd3+ Ke7 47. e3 Nd8 48. Bg2 Nf7 49. Rc3 Nd6+ 50. Kd3 Kd7 51. g5 hxg5 52. hxg5 Nb5 53. Rb3 Kc7 54. Ke2 Rxa3 55. Rxa3 Nxa3 56. Kd3 Nb5 57. Bh3 Kd7 58. Kc4 Nc7 59. Kd4 Kd6 60. e4 Nb5+ 61. Kc4 Na3+ 62. Kb3 Nb5 63. Kc4 Na3+ 64. Kd4 Nb5+ 65. Kd3 Nc7 66. e5+ Kd7 67. Bg2 Na6 68. Kc4 Kc7 69. Bh3 Kd7 70. f5 exf5 71. Bxf5+ Ke7 72. Kb5 Nc7+ 73. Kxb6 Nd5+ 74. Kc5 Nf4 75. b5 g6 76. Bg4 Nd3+ 77. Kd4 Nf4 78. Ke4 Ng2 79. Bf3 Nh4 80. Bg4 Ng2 81. Bc8 b6 82. Kd5 Nf4+ 83. Kc6 Nd3 84. Kxb6 Nxe5 85. Kc7 Nc4 86. Bb7 Ke6 87. Bg2 Kf5 88. Bd5 Ne3 89. Bb3 Kxg5 90. b6 1-0

[Event "chess.com SpeedChess Q2Sw"]
[Site "chess.com INT"]
[Date "2022.11.12"]
[Round "10"]
[White "Grischuk, A."]
[Black "Indjic, A."]
[Result "1-0"]
[WhiteElo "2745"]
[BlackElo "2631"]
[PlyCount "61"]
[EventDate "2022.11.12"]

1. Nf3 Nf6 2. g3 c5 3. Bg2 Nc6 4. O-O e5 5. e4 Be7 6. Nc3 d6 ({RR} 6... O-O 7. d3 a6 8. Bg5 b5 9. Bxf6 Bxf6 10. Nd5 d6 11. a4 Be6 12. axb5 axb5 13. Rxa8 Qxa8 14. Nxf6+ gxf6 15. Nh4 Ne7 16. Qh5 Qc8 17. f4 Bg4 18. Qh6 Qe6 19. f5 Qa2 20. Qxf6 Be2 21. Re1 {Piliposyan,R (2409)-Fichter,F (2253) chess.com INT 2025 1-0}) 7. d3 O-O 8. Nd2 ({RR} 8. Kh1 Bd7 9. Ng1 Nd4 10. f4 exf4 11. gxf4 Bc6 12. Nce2 Nxe2 13. Nxe2 Re8 14. c4 b5 15. b3 Rb8 16. Nc3 bxc4 17. bxc4 Nd7 18. Bd2 Bf6 19. Rc1 Rb2 20. Rc2 Qb6 21. a4 a6 22. Bc1 Rb3 {Aronian,L (2793)-Karjakin,S (2781) Stavanger 2017 1-0 (39)}) 8... Nd4 9. Nc4 $146 ({RR} 9. a4 Bg4 10. f3 Be6 11. Nc4 h6 12. Ne3 d5 13. f4 dxe4 14. f5 Bc8 15. dxe4 b6 16. Ncd5 Ba6 17. Rf2 c4 18. Nxf6+ Bxf6 19. Nd5 Bb7 20. Be3 Bxd5 21. exd5 Bg5 22. Bxd4 exd4 23. Qxd4 Re8 {Kerem,H (2050)-Rahmanov,S (2353) Cesme 2017 ½-½ (85)}) 9... Bg4 10. f3 Be6 11. Ne3 b5 12. f4 b4 13. Ncd5 Bxd5 14. exd5 exf4 15. Rxf4 g6 16. c3 bxc3 17. bxc3 Nb5 18. Bd2 Nh5 19. Rf2 Nf6 20. Qc2 Rb8 21. Raf1 Nc7 22. c4 Nd7 23. Bc3 Ne5 24. Bxe5 dxe5 25. Ng4 Bd6 26. Nh6+ Kg7 27. Nxf7 Qe7 28. Qe2 Ne8 29. Qe3 Nc7 30. Qh6+ Kg8 31. Be4 1-0

[Event "chess.com SpeedChess Q2Sw"]
[Site "chess.com INT"]
[Date "2022.11.12"]
[Round "11"]
[White "Jones, G."]
[Black "Chigaev, M."]
[Result "1-0"]
[WhiteElo "2623"]
[BlackElo "2632"]
[PlyCount "129"]
[EventDate "2022.11.12"]

1. Nf3 Nf6 2. g3 g6 3. b3 Bg7 4. Bb2 O-O 5. Bg2 c5 6. c4 d6 7. d4 Ne4 8. O-O Nc6 9. Nbd2 Bf5 10. e3 Nxd2 11. Qxd2 Be4 12. d5 Bxb2 13. Qxb2 Bxf3 14. Bxf3 Na5 $146 ({RR} 14... Ne5 15. Be2 a6 16. a4 Nd7 17. h4 h5 18. Kg2 f5 19. Bd3 Nf6 20. Rfe1 Qd7 21. b4 cxb4 22. Qxb4 a5 23. Qc3 e5 24. dxe6 Qxe6 25. Qd4 Qe5 26. Rab1 Rf7 27. Be2 Qxd4 28. exd4 Kg7 29. Bf3 {Hajiyev,K (2104)-Llorente Zaro,A (2436) chess.com INT 2024 1-0 (52)}) 15. Be2 a6 16. h4 Rb8 17. h5 b5 18. Qc3 bxc4 19. bxc4 Nb7 20. Kg2 Qa5 21. Qd3 Nd8 22. Qe4 Rb2 23. Bf3 e5 24. hxg6 fxg6 25. Qh4 Qc7 26. Rab1 Rxb1 27. Rxb1 Qf7 28. Qe4 Qf6 29. Rb2 Nf7 30. Bg4 Ng5 31. Qb1 e4 32. Kf1 h5 33. Be6+ Kh7 34. Rb7+ Kh6 35. Qb2 Nf3 36. Qxf6 Rxf6 37. Ke2 Ne5 38. Ra7 Nxc4 39. Rxa6 g5 40. Ra4 Ne5 41. Rxe4 g4 42. Rf4 Kg5 43. Rxf6 Kxf6 44. a4 Nc4 45. Kd3 Na5 46. Ke4 Nb3 47. Kf4 Na5 48. Bf5 c4 49. Bc2 c3 50. Ke4 Nc4 51. Kd4 Ne5 52. Kxc3 Kg5 53. a5 h4 54. gxh4+ Kxh4 55. a6 Nd7 56. a7 Nb6 57. Be4 Kh3 58. Kb4 Kh2 59. Kb5 Na8 60. Kc6 Kg1 61. Kb7 Kxf2 62. Kxa8 Kxe3 63. Bh1 Kf2 64. Kb7 Kg1 65. a8=Q 1-0

[Event "chess.com SpeedChess Q2Sw"]
[Site "chess.com INT"]
[Date "2022.11.12"]
[Round "12"]
[White "Meier, Geo"]
[Black "Tan Zhongyi"]
[Result "1-0"]
[WhiteElo "2615"]
[BlackElo "2514"]
[PlyCount "115"]
[EventDate "2022.11.12"]

1. Nf3 d5 2. g3 c5 3. Bg2 Nc6 4. d4 cxd4 5. Nxd4 e5 6. Nxc6 bxc6 7. c4 Nf6 8. O-O Be6 9. cxd5 cxd5 10. Bg5 Rc8 11. e3 Be7 12. Nc3 e4 13. Qa4+ Qd7 14. Qxd7+ Nxd7 15. Bxe7 Kxe7 16. Rfd1 Nb6 17. Bf1 $146 ({RR} 17. Rac1 Rhd8 18. b3 a6 19. Bf1 a5 20. Nb5 Bg4 21. Re1 a4 22. Nd4 Kd6 23. h3 Bd7 24. Ba6 Ra8 25. Bb5 Rdc8 26. Bxd7 Kxd7 27. g4 g6 28. Kg2 Kd6 29. Kg3 h6 30. h4 Nd7 31. bxa4 Rxc1 {Tokman,A (2316)-Shuvalova,P (2454) Chess.com INT 2020 1-0 (53)}) 17... Rc5 18. Rd4 Rhc8 19. Rad1 f5 20. Be2 Kf6 21. h4 g6 22. R4d2 h6 23. Nb5 Rc2 24. b3 Rxd2 25. Rxd2 a5 26. Nd4 g5 27. hxg5+ hxg5 28. Kg2 Rc1 29. f4 exf3+ 30. Bxf3 Bf7 31. Be2 Nd7 32. Bd3 Bg6 33. Rf2 f4 34. Bxg6 Kxg6 35. exf4 gxf4 36. gxf4 Nc5 37. Rc2 Rxc2+ 38. Nxc2 Nd3 39. Kf3 Nc1 40. b4 axb4 41. Nxb4 d4 42. Ke4 d3 43. Ke3 Kf5 44. a4 d2 45. Kxd2 Nb3+ 46. Ke3 Nc5 47. a5 Ke6 48. a6 Nd7 49. a7 Nb6 50. Nd3 Kf5 51. Kf3 Ke6 52. Ke4 Kd7 53. f5 Kc7 54. Nc5 Kc6 55. f6 Kxc5 56. f7 Kc6 57. f8=Q Kb7 58. Qb8+ 1-0